Tilastot visalle Yleistieto #33

Klikkaa tästä pelataksesi tätä visaa!

Yleistilastot

  • Tätä visaa on pelattu 140 kertaa
  • Keskiarvotulos 8 / 15

Vastaustilastot

VinkkiVastaus% Oikein
Missä Yhdysvaltojen osavaltiossa on Miami?Floridassa
85%
Minkä yhtyeen klassikko on "Bohemian Rhapsody"?Queenin
84%
Kuka valittiin Ranskan presidentiksi vuonna 2017?Emmanuel Macron
73%
Mille maalle kuuluu Santorinin saari?Kreikalle
63%
Kuka on maalannut teoksen "Haavoittunut Enkeli"?Hugo Simberg
60%
Mikä on myydyin ruotsalainen vodkamerkki?Absolut Vodka
55%
Kuka entinen Bond-näyttelijä kuoli vuonna 2017?Roger Moore
55%
Missä maassa on Acapulco?Meksikossa
54%
Mikä on Skotlannin suurin kaupunki?Glasgow
45%
Kuka on kirjoittanut "Viisikko"-kirjat?Enid Blyton
42%
Mikä on suurin venäläinen kaupunki Tyynenvaltameren rannalla?Vladivostok
39%
Kuka on Turkin johtaja?Recep Tayyip Erdogan
37%
Mikä on Fidel Castron veljen nimi?Raul
36%
Kenen suomalaisen kuvataiteilijan teos on myyty kalleimmalla?Helene Schjerfbeck
26%
Minkä maan entinen presidentti on Alberto Fujimori?Perun
25%

Tulosjakauma

Persentiili vastausten määrän mukaan

Jokaisen tuloksen saaneiden osuus

Tuloshistoriasi

Et ole pelannut tätä visaa